| 000 | 00674cam a2200265 4500 | ||
|---|---|---|---|
| 001 | J2147 | ||
| 008 | 090401t1994 xxu||||| |||| 00| 0 eng d | ||
| 035 | _a(Sirsi) u47475 | ||
| 041 | _aeng | ||
| 050 | _a333.337025 | ||
| 110 |
_aBritish Council for Offices _93992 |
||
| 245 | _aYear book 1994. | ||
| 260 |
_aReading _bBritish Council for Offices _c1994 |
||
| 300 | _a104p. ; 21cm. | ||
| 350 | _a0 | ||
| 650 | _aBUSINESS SPACE | ||
| 650 | _aPROPERTY-COMMERCIAL PROPERTY | ||
| 650 | _aDIRECTORIES | ||
| 650 | _aOCCUPIERS | ||
| 650 | _aOFFICES | ||
| 650 | _aPROPERTY DEVELOPMENT | ||
| 690 | _aPROPERTY-COMMERCIAL PROPERTY | ||
| 942 | _n0 | ||
| 948 | _c04/03/1997 | ||
| 999 |
_c92133 _d92133 |
||